| 000 | 01463cam a2200373 i 4500 | ||
|---|---|---|---|
| 999 |
_c41470 _d41470 |
||
| 001 | 17660726 | ||
| 003 | OSt | ||
| 005 | 20220524145110.0 | ||
| 008 | 130315s2014 maua b 001 0 eng | ||
| 010 | _a 2013006664 | ||
| 020 | _a9780205957606 (hbk. : student edition) | ||
| 020 | _a0205957609 (hbk. : student edition) | ||
| 020 | _a9780205958450 (hbk. : instructor's review edition) | ||
| 020 | _a0205958451 (hbk. : instructor's review edition) | ||
| 020 | _a9780205958696 (hbk. : à la carte edition) | ||
| 020 | _a0205958699 (hbk. : à la carte edition) | ||
| 040 |
_aDLC _beng _cDLC _erda _dDLC |
||
| 042 | _apcc | ||
| 050 | 0 | 0 |
_aBF713 _b.B465 2014 |
| 082 | 0 | 0 |
_a155 _223 _bBER/L |
| 100 | 1 |
_aBerk, Laura E. _98669 |
|
| 245 | 1 | 0 |
_aDevelopment through the lifespan / _cLaura E. Berk, Illinois State University. |
| 250 | _aSixth edition. | ||
| 264 | 1 |
_aBoston : _bPearson, _c[2014] |
|
| 300 |
_a1 volume (various pagings) : _billustrations (chiefly color) ; _c29 cm |
||
| 336 |
_atext _2rdacontent |
||
| 337 |
_aunmediated _2rdamedia |
||
| 338 |
_avolume _2rdacarrier |
||
| 504 | _aIncludes bibliographical references and indexes. | ||
| 650 | 0 |
_aDevelopmental psychology _vTextbooks. |
|
| 906 |
_a7 _bcbc _corignew _d1 _eecip _f20 _gy-gencatlg |
||
| 942 |
_2ddc _cBK _h155 _iBER/L _k155 _mBER/L |
||